[Event "BL 8788 HSV-München 36"]
[Site "?"]
[Date "1988.??.??"]
[Round "?.3"]
[White "Bastian, H."]
[Black "Wahls, M."]
[Result "1-0"]
[WhiteElo "2335"]
[BlackElo "2435"]
[PlyCount "83"]
[EventDate "1988.??.??"]

1. e4 e5 2. Nf3 d6 3. d4 Nf6 4. Nc3 Nbd7 5. Bc4 Be7 6. O-O O-O 7. a4 a5 8. h3
c6 9. Re1 exd4 10. Qxd4 Nc5 11. Be3 Ncxe4 12. Nxe4 d5 13. Nxf6+ Bxf6 14. Qf4
dxc4 15. Rad1 Qe7 16. Qxc4 Be6 17. Bc5 Bxc4 18. Bxe7 Bxe7 19. Rxe7 Ba6 20. Rdd7
Rae8 21. Ne5 Rxe7 22. Rxe7 h6 23. f4 Rd8 24. Rxf7 Rd1+ 25. Kh2 Rd2 26. Rd7 Rxc2
27. Ng6 Bf1 28. f5 Rxg2+ 29. Kh1 Kh7 30. Rd8 Rxg6 31. fxg6+ Kxg6 32. Rb8 Ba6
33. Kg2 Kg5 34. Kg3 g6 35. Rf8 Bc4 36. Rb8 Ba6 37. Rh8 Bd3 38. Rh7 b5 39. Rc7
bxa4 40. Rxc6 Bf5 41. h4+ Kh5 42. Rc5 1-0

[Event "BL 8788 HSV-München 36"]
[Site "?"]
[Date "1988.??.??"]
[Round "?.4"]
[White "Wegner, H."]
[Black "Kaiser, W."]
[Result "1/2-1/2"]
[WhiteElo "2370"]
[BlackElo "2355"]
[PlyCount "29"]
[EventDate "1988.??.??"]

1. d4 Nf6 2. Nf3 g6 3. c4 Bg7 4. Nc3 O-O 5. e4 d6 6. Be2 Bg4 7. Ng1 Bxe2 8.
Ngxe2 c5 9. O-O cxd4 10. Nxd4 Nc6 11. Be3 Qc8 12. Nd5 Nxd5 13. cxd5 Nxd4 14.
Bxd4 Bxd4 15. Qxd4 1/2-1/2

[Event "BL 8788 HSV-München 36"]
[Site "?"]
[Date "1988.??.??"]
[Round "?.5"]
[White "Pichler, J."]
[Black "Reefschlaeger, H."]
[Result "1/2-1/2"]
[WhiteElo "2320"]
[BlackElo "2340"]
[PlyCount "102"]
[EventDate "1988.??.??"]

1. d4 Nf6 2. Nf3 g6 3. Bg5 Bg7 4. Nbd2 d5 5. e3 O-O 6. Be2 Nbd7 7. O-O c5 8. c3
b6 9. Ne5 Nxe5 10. dxe5 Nd7 11. f4 f6 12. exf6 exf6 13. Bh4 Bb7 14. Bf3 Qe8 15.
Re1 f5 16. Qc2 Nf6 17. c4 Qf7 18. Rad1 Rad8 19. cxd5 Bxd5 20. b3 Rd7 21. Bxf6
Bxf6 22. Bxd5 Rxd5 23. e4 fxe4 24. Nxe4 Rxd1 25. Nxf6+ Qxf6 26. Rxd1 Qxf4 27.
h3 Qe3+ 28. Kh2 Qe6 29. Qc3 Re8 30. Qg3 Qf7 31. Kh1 Qe6 32. Kh2 Qf7 33. Kh1 Rf8
34. Qe3 Rc8 35. Qe5 b5 36. Rc1 Qf5 37. Qe7 c4 38. bxc4 bxc4 39. Qxa7 c3 40. Qd4
c2 41. Kh2 Qg5 42. Qb2 Qf4+ 43. Kh1 Qd2 44. a4 Qd1+ 45. Kh2 Qd6+ 46. Kh1 Qd1+
47. Kh2 Qd6+ 48. Kh1 h5 49. a5 Qd1+ 50. Kh2 Qd6+ 51. Kh1 Qd1+ 1/2-1/2

[Event "BL 8788 HSV-München 36"]
[Site "?"]
[Date "1988.??.??"]
[Round "?.6"]
[White "Maus, So"]
[Black "Goetz, R."]
[Result "1/2-1/2"]
[WhiteElo "2375"]
[BlackElo "2325"]
[PlyCount "123"]
[EventDate "1988.??.??"]

1. e4 c5 2. Nf3 Nc6 3. d4 cxd4 4. Nxd4 Nf6 5. Nc3 e5 6. Ndb5 d6 7. Bg5 a6 8.
Na3 b5 9. Nd5 Be7 10. Bxf6 Bxf6 11. c3 Ne7 12. Nxf6+ gxf6 13. g3 Bb7 14. Bg2 d5
15. exd5 Bxd5 16. O-O Bxg2 17. Kxg2 Qd5+ 18. Qxd5 Nxd5 19. Rfd1 Rd8 20. c4 bxc4
21. Nxc4 Ke7 22. Na5 Ke6 23. Nb3 Rc8 24. Rd2 Nb6 25. Rad1 Nc4 26. Rd7 Rc6 27.
g4 h5 28. h3 hxg4 29. hxg4 Rhc8 30. Kg3 Rd6 31. R1xd6+ Nxd6 32. Ra7 Rc2 33.
Rxa6 Rxb2 34. f3 Kd5 35. Ra5+ Kc6 36. Rc5+ Kb6 37. Rd5 Kc6 38. Rd2 Rb1 39. Rc2+
Kd5 40. Rc5+ Ke6 41. Ra5 f5 42. Nc5+ Ke7 43. g5 Rg1+ 44. Kf2 Rxg5 45. Ra7+ Kf6
46. Ra6 Ke7 47. Ra7+ Kf6 48. Ra8 Rh5 49. Kg2 Rh4 50. a4 Rc4 51. Nd7+ Ke6 52.
Nb6 Rc2+ 53. Kf1 e4 54. f4 e3 55. a5 Ne4 56. Re8+ Kd6 57. a6 Ra2 58. a7 Ng3+
59. Kg1 Ne2+ 60. Kf1 Ng3+ 61. Kg1 Ne2+ 62. Kf1 1/2-1/2

[Event "BL 8788 HSV-München 36"]
[Site "?"]
[Date "1988.??.??"]
[Round "?.8"]
[White "Michaelsen, N."]
[Black "Lauterbach, I."]
[Result "1-0"]
[WhiteElo "2205"]
[BlackElo "2140"]
[PlyCount "97"]
[EventDate "1988.??.??"]

1. d4 d6 2. c4 f5 3. Nf3 Nf6 4. g3 g6 5. Bg2 Bg7 6. O-O O-O 7. Nc3 Qe8 8. Re1
e5 9. dxe5 dxe5 10. e4 fxe4 11. Ng5 c6 12. Ncxe4 Nxe4 13. Nxe4 Na6 14. b3 Nb4
15. Be3 Na6 16. Nd6 Qe7 17. Nxc8 Rfxc8 18. Qe2 Re8 19. Rad1 Nc7 20. Bc1 Rad8
21. Rxd8 Rxd8 22. Qe3 a5 23. Bb2 Re8 24. f4 Na6 25. fxe5 Nb4 26. Rd1 Bxe5 27.
Bxe5 Qxe5 28. Qxe5 Rxe5 29. Rd7 b5 30. Kf2 bxc4 31. bxc4 Rc5 32. Bf1 Nxa2 33.
Ra7 Rf5+ 34. Ke1 Nb4 35. Be2 Nc2+ 36. Kd2 Nd4 37. Bd3 Rf2+ 38. Ke3 Rxh2 39.
Kxd4 Rh3 40. Rxa5 Rxg3 41. Rc5 h5 42. Rxc6 h4 43. Rxg6+ Rxg6 44. Bxg6 Kg7 45.
Be4 Kf6 46. c5 Ke7 47. Kd5 Kd7 48. c6+ Kc7 49. Kc5 1-0

[Event "BL 8788 Zähringen-Lasker"]
[Site "?"]
[Date "1988.??.??"]
[Round "?.2"]
[White "Kiefer, G."]
[Black "Berg, K."]
[Result "0-1"]
[WhiteElo "2220"]
[BlackElo "2350"]
[PlyCount "100"]
[EventDate "1988.??.??"]

1. e4 c6 2. d4 d5 3. Nd2 dxe4 4. Nxe4 Bf5 5. Ng3 Bg6 6. Bc4 e6 7. N1e2 Nf6 8.
Nf4 Bd6 9. Bb3 Qc7 10. Qf3 Nbd7 11. h4 e5 12. Nxg6 hxg6 13. Bg5 exd4 14. O-O-O
c5 15. Rhe1+ Kf8 16. Ne4 Ne5 17. Qe2 c4 18. Nxd6 cxb3 19. Nb5 bxa2 20. Nxc7
a1=Q+ 21. Kd2 Qa5+ 22. Kc1 d3 23. Qxe5 d2+ 24. Kb1 dxe1=R 25. Rxe1 Qxe5 26.
Rxe5 Rd8 27. Nb5 Rd5 28. Rxd5 Nxd5 29. c4 Nb6 30. Nd6 f6 31. Be3 Ke7 32. Nxb7
Nxc4 33. Bxa7 Rxh4 34. b3 Ne5 35. Kc2 Rh2 36. b4 Rxg2 37. Kd2 Rg4 38. b5 Nd7
39. Kc3 Ra4 40. Be3 Ra8 41. Kb4 Ra1 42. Na5 Rb1+ 43. Kc4 Ne5+ 44. Kc5 Kd7 45.
b6 Ra1 46. Nb7 Ra2 47. Kd5 Rb2 48. Nc5+ Kc8 49. b7+ Rxb7 50. Nxb7 Kxb7 0-1

[Event "BL 8788 Zähringen-Lasker"]
[Site "?"]
[Date "1988.??.??"]
[Round "?.3"]
[White "Heyken, E."]
[Black "Schuh, H."]
[Result "1/2-1/2"]
[WhiteElo "2305"]
[BlackElo "2320"]
[PlyCount "55"]
[EventDate "1988.??.??"]

1. d4 Nf6 2. c4 c5 3. d5 e6 4. Nc3 exd5 5. cxd5 d6 6. e4 g6 7. Nf3 Bg7 8. Be2
O-O 9. O-O Na6 10. Nd2 Nc7 11. a4 b6 12. Nc4 Ba6 13. Bg5 Qd7 14. f3 Rab8 15. b3
Nh5 16. Qd2 b5 17. axb5 Nxb5 18. Rxa6 Bxc3 19. Qd3 f5 20. e5 dxe5 21. d6 Bd4+
22. Kh1 Qb7 23. Ra5 a6 24. f4 e4 25. Qc2 Nf6 26. Ne5 Kg7 27. Bxb5 axb5 28. Qa2
1/2-1/2

[Event "BL 8788 Zähringen-Lasker"]
[Site "?"]
[Date "1988.??.??"]
[Round "?.4"]
[White "Weindl, A."]
[Black "Paulsen, D."]
[Result "1-0"]
[WhiteElo "2295"]
[BlackElo "2340"]
[PlyCount "71"]
[EventDate "1988.??.??"]

1. g3 e5 2. c4 Nc6 3. Nc3 g6 4. Bg2 Bg7 5. e3 Nge7 6. Nge2 Nf5 7. Rb1 h5 8. h3
h4 9. g4 Nh6 10. d4 f5 11. d5 Ne7 12. d6 cxd6 13. gxf5 gxf5 14. Bd5 Nxd5 15.
Qxd5 Nf7 16. Rg1 Kf8 17. b3 Qf6 18. Ba3 a5 19. Kd2 Qe6 20. Qg2 Qh6 21. Nd5 e4
22. Nef4 Rh7 23. Ng6+ Ke8 24. Nc7+ Kd8 25. Nxa8 b5 26. cxb5 Bf6 27. Nb6 Ng5 28.
Nxc8 Qxg6 29. Nxd6 Qh5 30. Rbc1 Nf3+ 31. Qxf3 exf3 32. Rc8+ Ke7 33. Re8+ Qxe8
34. Nxe8+ Kxe8 35. b6 d5 36. Rg8+ 1-0

[Event "BL 8788 Zähringen-Lasker"]
[Site "?"]
[Date "1988.??.??"]
[Round "?.5"]
[White "Schacht, H."]
[Black "Vatter, H."]
[Result "1-0"]
[WhiteElo "2310"]
[BlackElo "2270"]
[PlyCount "101"]
[EventDate "1988.??.??"]

1. d4 Nf6 2. c4 c5 3. d5 b5 4. cxb5 a6 5. bxa6 g6 6. Nc3 Bxa6 7. Nf3 Bg7 8. g3
O-O 9. Bg2 d6 10. O-O Nbd7 11. Qc2 Qb6 12. Rd1 Rfb8 13. Rb1 Ng4 14. Bd2 Ra7 15.
Be1 Rba8 16. b3 Nh6 17. a4 Nf5 18. e3 Qc7 19. Bf1 Bxf1 20. Kxf1 Bxc3 21. Qxc3
Qb7 22. e4 Ng7 23. Kg1 Ne8 24. Qe3 f6 25. Bc3 Qc8 26. Nd2 Ne5 27. f4 Nf7 28.
Nc4 Rb8 29. Na5 Nd8 30. e5 Qd7 31. Qe4 Qg4 32. Re1 fxe5 33. fxe5 Qxe4 34. Rxe4
e6 35. exd6 Nxd6 36. Re5 exd5 37. Rxd5 Ne4 38. Be1 Rc7 39. Re5 Nf6 40. Rd1 Nf7
41. Re6 Ng4 42. h4 Nfe5 43. Bc3 Nf3+ 44. Kg2 Nd4 45. Bxd4 cxd4 46. Rxd4 Rc2+
47. Kf3 Nh2+ 48. Ke4 Nf1 49. Rd3 Re2+ 50. Kd5 Rd8+ 51. Rd6 1-0

[Event "BL 8788 Zehlendorf-Zähringen"]
[Site "?"]
[Date "1988.??.??"]
[Round "?.1"]
[White "Raupp, T."]
[Black "Pritchett, C."]
[Result "1-0"]
[WhiteElo "2300"]
[BlackElo "2385"]
[PlyCount "83"]
[EventDate "1988.??.??"]

1. c4 Nf6 2. Nf3 e6 3. g3 b6 4. Bg2 Bb7 5. O-O c5 6. Nc3 a6 7. d4 cxd4 8. Qxd4
d6 9. Rd1 Nbd7 10. Ng5 Bxg2 11. Kxg2 Rc8 12. Nge4 Rc6 13. Bf4 Qa8 14. Qd3 Be7
15. f3 Nc5 16. Nxc5 bxc5 17. e4 O-O 18. Qe2 Qb7 19. b3 Nh5 20. Be3 Rcc8 21. Rd3
Rfd8 22. Rad1 Qc7 23. R1d2 h6 24. Qd1 Kh7 25. Na4 Rb8 26. e5 dxe5 27. Rd7 Rxd7
28. Rxd7 Rd8 29. Rxc7 Rxd1 30. Rxe7 e4 31. Nxc5 Ra1 32. Nxe4 Rxa2+ 33. Bf2 Rb2
34. c5 f5 35. Nd6 Rc2 36. Nc4 Nf6 37. c6 Nd5 38. Rxe6 Kg8 39. Rd6 Ne7 40. c7
Kf8 41. Rd8+ Kf7 42. Rd7 1-0

[Event "BL 8788 Zehlendorf-Zähringen"]
[Site "?"]
[Date "1988.??.??"]
[Round "?.2"]
[White "Wockenfuss, K."]
[Black "Kiefer, G."]
[Result "1-0"]
[WhiteElo "2415"]
[BlackElo "2220"]
[PlyCount "84"]
[EventDate "1988.??.??"]

1. d4 Nf6 2. Nf3 b6 3. Bg5 Bb7 4. Nbd2 e6 5. e3 Be7 6. Bd3 O-O 7. c3 c5 8. O-O
d6 9. Re1 Nbd7 10. e4 cxd4 11. cxd4 e5 12. Rc1 Rc8 13. Qe2 Rxc1 14. Rxc1 Qb8
15. Bb5 Rc8 16. Rxc8+ Bxc8 17. Qc4 Bf8 18. h3 Bb7 19. d5 Qc8 20. Bc6 h6 21. Be3
Nb8 22. Bxb7 Qxb7 23. b4 Ne8 24. a4 Qc7 25. a5 Nd7 26. Qb5 bxa5 27. bxa5 Be7
28. Nc4 Kf8 29. g3 Nb8 30. Nfd2 a6 31. Qb6 Bd8 32. Qb4 Be7 33. Kg2 f5 34. exf5
Nf6 35. Nb6 Qb7 36. Ne4 Nxe4 37. Qxe4 Nd7 38. Qc4 Ke8 39. Qc6 Qxc6 40. dxc6
Nxb6 41. axb6 Bd8 42. b7 Bc7 1-0

[Event "BL 8788 Zehlendorf-Zähringen"]
[Site "?"]
[Date "1988.??.??"]
[Round "?.3"]
[White "Schuh, H."]
[Black "Cladouras, P."]
[Result "1/2-1/2"]
[WhiteElo "2320"]
[BlackElo "2365"]
[PlyCount "40"]
[EventDate "1988.??.??"]

1. d4 Nf6 2. Nf3 e6 3. c4 Bb4+ 4. Bd2 Qe7 5. g3 O-O 6. Bg2 Bxd2+ 7. Nbxd2 d6 8.
e4 e5 9. d5 a5 10. O-O Na6 11. Ne1 Nc5 12. b3 c6 13. a3 cxd5 14. cxd5 b5 15. b4
axb4 16. axb4 Na4 17. Nd3 Bg4 18. f3 Qa7+ 19. Kh1 Bd7 20. Nb3 Rfe8 1/2-1/2

[Event "BL 8788 Zehlendorf-Zähringen"]
[Site "?"]
[Date "1988.??.??"]
[Round "?.4"]
[White "Vogel, R."]
[Black "Siegel, G."]
[Result "1-0"]
[WhiteElo "2385"]
[BlackElo "2315"]
[PlyCount "49"]
[EventDate "1988.??.??"]

1. d4 Nf6 2. c4 e6 3. Nc3 Bb4 4. a3 Bxc3+ 5. bxc3 c5 6. e3 O-O 7. Bd3 Nc6 8.
Ne2 e5 9. O-O d6 10. d5 Na5 11. e4 b6 12. f4 exf4 13. Bxf4 Ng4 14. Qe1 Re8 15.
Qg3 Ne5 16. Rf2 Ba6 17. Raf1 Qd7 18. Bxe5 dxe5 19. Qh4 Qe7 20. Qh5 Rf8 21. Ng3
f6 22. Nf5 Qd7 23. Rf3 Qf7 24. Qh4 Bc8 25. Nh6+ 1-0

[Event "BL 8788 Zehlendorf-Zähringen"]
[Site "?"]
[Date "1988.??.??"]
[Round "?.5"]
[White "Weindl, A."]
[Black "Riedel, W."]
[Result "1-0"]
[WhiteElo "2295"]
[BlackElo "2310"]
[PlyCount "101"]
[EventDate "1988.??.??"]

1. g3 g6 2. Nf3 Bg7 3. Bg2 e5 4. O-O Ne7 5. e4 O-O 6. d3 Nbc6 7. c3 f5 8. Ng5
Qe8 9. f4 h6 10. Nf3 d6 11. Qb3+ Kh7 12. Kh1 Qf7 13. Qxf7 Rxf7 14. Be3 Be6 15.
Nbd2 Raf8 16. a3 Kg8 17. Rae1 a5 18. fxe5 dxe5 19. exf5 Bxf5 20. Ne4 Bg4 21.
Nfd2 Rxf1+ 22. Bxf1 b6 23. Kg2 Be6 24. Be2 Nd5 25. Bg1 Nce7 26. c4 Nf6 27.
Nxf6+ Bxf6 28. Bf3 Bf5 29. Ne4 Bg7 30. g4 Be6 31. b4 axb4 32. axb4 Rd8 33. Rd1
Nc6 34. b5 Nd4 35. Bxd4 Rxd4 36. Kf2 Bf8 37. Ke2 Bb4 38. h3 Kg7 39. Ra1 Ba5 40.
Nc5 bxc5 41. Rxa5 e4 42. Bxe4 Bxc4 43. Ke3 Be6 44. Ra6 Kf7 45. Rc6 Rd7 46.
Bxg6+ Ke7 47. Rxe6+ Kxe6 48. Bf5+ Kd6 49. Bxd7 Kxd7 50. Ke4 Ke6 51. h4 1-0

[Event "BL 8788 Zehlendorf-Zähringen"]
[Site "?"]
[Date "1988.??.??"]
[Round "?.7"]
[White "Herbrechtsmeier, C."]
[Black "Lieb, H."]
[Result "0-1"]
[WhiteElo "2305"]
[BlackElo "2305"]
[PlyCount "100"]
[EventDate "1988.??.??"]

1. e4 e6 2. d4 d5 3. Nc3 Bb4 4. Nge2 Nc6 5. e5 f6 6. exf6 Qxf6 7. Bf4 Nge7 8.
Bxc7 O-O 9. f4 Nf5 10. Qd3 Qe7 11. Be5 Nxe5 12. fxe5 Qg5 13. h4 Nxh4 14. Qh3
Be7 15. Rd1 Bd7 16. Rd3 Qf5 17. Qxf5 Rxf5 18. g3 Nf3+ 19. Kd1 Ng5 20. Nf4 Rc8
21. Be2 Rff8 22. Bg4 Rc7 23. Kc1 Rfc8 24. Kb1 Bb4 25. Rh5 h6 26. Rh2 Bxc3 27.
bxc3 Rd8 28. Rh5 Rc6 29. Rxg5 hxg5 30. Nh3 Rf8 31. Nxg5 Rf1+ 32. Bd1 Be8 33.
Kb2 Rb6+ 34. Kc1 Bg6 35. Rf3 Rxf3 36. Bxf3 Kf8 37. Nh3 Ke7 38. Nf4 Bf7 39. g4
Rc6 40. Kb2 Rc8 41. g5 Rh8 42. c4 dxc4 43. d5 exd5 44. e6 Be8 45. Bxd5 b5 46.
a4 Rh4 47. Ng2 Rg4 48. Ne3 Rxg5 49. Kc3 Kd6 50. Kd4 a6 0-1

[Event "BL 8788 Sindelfingen-Zehlendorf"]
[Site "?"]
[Date "1988.??.??"]
[Round "?.1"]
[White "Pritchett, C."]
[Black "Franke, H."]
[Result "1/2-1/2"]
[WhiteElo "2385"]
[BlackElo "2350"]
[PlyCount "75"]
[EventDate "1988.??.??"]

1. e4 e6 2. d4 d5 3. Nc3 Bb4 4. e5 Ne7 5. a3 Bxc3+ 6. bxc3 c5 7. Qg4 O-O 8. Bd3
Nbc6 9. Nf3 f5 10. exf6 Rxf6 11. Bg5 Rf7 12. Bxe7 Rxe7 13. Qh4 g6 14. O-O c4
15. Be2 Bd7 16. Rfe1 Qf8 17. Bd1 Qg7 18. Ne5 Nxe5 19. Rxe5 Rf8 20. Bg4 Rf6 21.
Rae1 Qf8 22. f3 Kg7 23. Qg5 Re8 24. Qc1 b5 25. h4 h6 26. h5 g5 27. g3 Rb8 28.
Kg2 Rb6 29. Qb2 Ra6 30. Ra1 Kf7 31. Ree1 Qd6 32. Qc1 Ke7 33. Re5 Kd8 34. Qb2
Kc7 35. Kf2 Ra4 36. Kg2 Rf8 37. Qc1 Rf6 38. Qb2 1/2-1/2

[Event "BL 8788 Sindelfingen-Zehlendorf"]
[Site "?"]
[Date "1988.??.??"]
[Round "?.2"]
[White "Fahnenschmidt, G."]
[Black "Wockenfuss, K."]
[Result "1/2-1/2"]
[WhiteElo "2335"]
[BlackElo "2415"]
[PlyCount "36"]
[EventDate "1988.??.??"]

1. d4 d5 2. c4 Nc6 3. Nf3 Bg4 4. cxd5 Bxf3 5. gxf3 Qxd5 6. e3 e6 7. Nc3 Qh5 8.
f4 Qxd1+ 9. Kxd1 O-O-O 10. Bd2 Nf6 11. Bg2 Ne7 12. Ke2 Nf5 13. Rhc1 Kb8 14. Na4
h6 15. Nc5 Bxc5 16. Rxc5 g5 17. fxg5 hxg5 18. h3 b6 1/2-1/2

[Event "BL 8788 Sindelfingen-Zehlendorf"]
[Site "?"]
[Date "1988.??.??"]
[Round "?.3"]
[White "Cladouras, P."]
[Black "Bialas, W."]
[Result "1-0"]
[WhiteElo "2365"]
[BlackElo "2360"]
[PlyCount "49"]
[EventDate "1988.??.??"]

1. e4 g6 2. d4 Bg7 3. Nf3 d6 4. c3 Nd7 5. Bc4 e6 6. O-O Ne7 7. Bb3 O-O 8. Re1
b6 9. Nbd2 Bb7 10. Nf1 c5 11. Ng3 h6 12. h4 Nf6 13. Bf4 Ng4 14. h5 cxd4 15.
cxd4 e5 16. dxe5 dxe5 17. Bd2 Qd6 18. hxg6 Nxg6 19. Nf5 Qf6 20. Ng5 Nxf2 21.
Kxf2 hxg5 22. Qg4 Nf4 23. Bxf4 gxf4 24. Rh1 Rac8 25. Qxg7+ 1-0

[Event "BL 8788 Sindelfingen-Zehlendorf"]
[Site "?"]
[Date "1988.??.??"]
[Round "?.4"]
[White "Runau, R."]
[Black "Vogel, R."]
[Result "0-1"]
[WhiteElo "2335"]
[BlackElo "2385"]
[PlyCount "84"]
[EventDate "1988.??.??"]

1. e4 g6 2. d4 Bg7 3. Nc3 d6 4. Be3 c6 5. Qd2 Nd7 6. h4 Ngf6 7. Be2 h5 8. f3 b5
9. Nh3 Bb7 10. Ng5 O-O 11. Nd1 e5 12. dxe5 Nxe5 13. Nf2 Qe7 14. O-O-O Rfd8 15.
f4 Nc4 16. Bxc4 bxc4 17. Bd4 c5 18. Bc3 d5 19. Bxf6 Qxf6 20. e5 Qa6 21. Rh3 Qb6
22. Ra3 Bc8 23. Qa5 Be6 24. Qxb6 axb6 25. Rxa8 Rxa8 26. Nxe6 fxe6 27. Kb1 Bf8
28. Nh3 Be7 29. g3 Kf7 30. Rf1 Ke8 31. Rf3 Kd7 32. Ng5 d4 33. b3 b5 34. c3 Bxg5
35. fxg5 Kc6 36. a4 cxb3 37. axb5+ Kxb5 38. cxd4 c4 39. d5 exd5 40. e6 d4 41.
Rf6 c3 42. e7 Re8 0-1

[Event "BL 8788 Sindelfingen-Zehlendorf"]
[Site "?"]
[Date "1988.??.??"]
[Round "?.6"]
[White "Riedel, W."]
[Black "Mohr, S."]
[Result "0-1"]
[WhiteElo "2310"]
[BlackElo "2325"]
[PlyCount "114"]
[EventDate "1988.??.??"]

1. d4 Nf6 2. c4 g6 3. Nc3 d5 4. cxd5 Nxd5 5. Qb3 Nxc3 6. bxc3 Bg7 7. e3 c5 8.
Nf3 O-O 9. Be2 Qc7 10. O-O b6 11. Ba3 Nd7 12. Rac1 Bb7 13. Rfd1 e6 14. h3 Rfd8
15. c4 cxd4 16. exd4 Rac8 17. Qe3 Qb8 18. Be7 Re8 19. Qa3 e5 20. Bd6 Qa8 21. d5
Nc5 22. Bf1 f6 23. Nh2 Red8 24. Be7 Rd7 25. d6 f5 26. Qg3 e4 27. Qh4 Re8 28. g4
Qb8 29. gxf5 gxf5 30. Qg5 Bc8 31. Qh5 Rdxe7 32. dxe7 Bd7 33. Qg5 h6 34. Qg3
Qxg3+ 35. fxg3 Rxe7 36. Be2 Bb2 37. Rb1 Be5 38. Nf1 Rg7 39. Kf2 Bc6 40. Rd8+
Kf7 41. Rc8 Bb7 42. Bh5+ Ke7 43. Re8+ Kd6 44. Be2 Bd4+ 45. Ke1 Bc6 46. Rd8+ Ke5
47. Rh8 e3 48. Rc1 Ba4 49. Nh2 Rxg3 50. Kf1 Kf4 51. Rxh6 Ne4 52. Rh7 Bb2 53.
Rxa7 Nd2+ 54. Ke1 Rg1+ 55. Nf1 Nxf1 56. Bxf1 Bxc1 57. Rxa4 Kf3 0-1

[Event "BL 8788 Sindelfingen-Zehlendorf"]
[Site "?"]
[Date "1988.??.??"]
[Round "?.7"]
[White "Lieb, H."]
[Black "Bauer, P."]
[Result "1-0"]
[WhiteElo "2305"]
[BlackElo "2300"]
[PlyCount "101"]
[EventDate "1988.??.??"]

1. d4 Nf6 2. c4 c5 3. d5 b5 4. cxb5 a6 5. bxa6 g6 6. Nc3 Bxa6 7. g3 d6 8. Nh3
Bg7 9. Nf4 O-O 10. h4 h5 11. Bh3 Nbd7 12. O-O Ne5 13. Qc2 Qb6 14. Rb1 Rfb8 15.
b3 Ra7 16. Bd2 Qb7 17. Bg2 Qa8 18. Rfe1 Rab7 19. Ne4 Bb5 20. Bc3 Nfg4 21. Qd2
c4 22. b4 Ra7 23. Ra1 Ra3 24. Bd4 Nd3 25. Bxg7 Nxe1 26. Bd4 Nxg2 27. Kxg2 Bd7
28. f3 Bf5 29. Nc3 Ne5 30. e4 Bd7 31. Rb1 Qa6 32. Nfe2 Ra8 33. Rb2 Be8 34. Qh6
f6 35. Nf4 Bf7 36. Ne6 Bxe6 37. dxe6 Qc8 38. Bxe5 dxe5 39. Qxg6+ Kh8 40. Qxh5+
Kg7 41. Qf7+ Kh8 42. Rc2 Qe8 43. Qxe8+ Rxe8 44. b5 Rb8 45. f4 exf4 46. gxf4 Kg7
47. f5 Kf8 48. Kf1 Rb7 49. Ke1 Rb8 50. Kd2 Rb6 51. Kc1 1-0

[Event "BL 8788 Lasker-Sindelfingen"]
[Site "?"]
[Date "1988.??.??"]
[Round "?.1"]
[White "Franke, H."]
[Black "Muse, M."]
[Result "1/2-1/2"]
[WhiteElo "2350"]
[BlackElo "2415"]
[PlyCount "30"]
[EventDate "1988.??.??"]

1. d4 Nf6 2. Nf3 g6 3. c4 Bg7 4. Nc3 d5 5. cxd5 Nxd5 6. e4 Nxc3 7. bxc3 c5 8.
Be3 Qa5 9. Qd2 O-O 10. Rc1 b6 11. Be2 Ba6 12. d5 Bxe2 13. Kxe2 Nd7 14. c4 Qxd2+
15. Nxd2 f5 1/2-1/2

[Event "BL 8788 Lasker-Sindelfingen"]
[Site "?"]
[Date "1988.??.??"]
[Round "?.3"]
[White "Gruenenwald, J."]
[Black "Heyken, E."]
[Result "1/2-1/2"]
[WhiteElo "2330"]
[BlackElo "2305"]
[PlyCount "26"]
[EventDate "1988.??.??"]

1. d4 Nf6 2. c4 e6 3. Nf3 d5 4. g3 dxc4 5. Bg2 a6 6. Ne5 c5 7. e3 Ra7 8. a4 b6
9. O-O Bb7 10. dxc5 Qxd1 11. Rxd1 Bxc5 12. Nxc4 Bxg2 13. Kxg2 Nc6 1/2-1/2

[Event "BL 8788 Lasker-Sindelfingen"]
[Site "?"]
[Date "1988.??.??"]
[Round "?.4"]
[White "Paulsen, D."]
[Black "Bialas, W."]
[Result "1-0"]
[WhiteElo "2340"]
[BlackElo "2360"]
[PlyCount "61"]
[EventDate "1988.??.??"]

1. d4 d5 2. c4 dxc4 3. e4 c5 4. d5 Nf6 5. Nc3 e6 6. Nf3 Qa5 7. Bxc4 Nxe4 8. O-O
Nxc3 9. bxc3 e5 10. d6 Nc6 11. Ng5 Nd8 12. Qh5 g6 13. Ne4 Bg7 14. Qg5 O-O 15.
Nf6+ Kh8 16. d7 Qxc3 17. dxc8=Q Rxc8 18. Qh4 h5 19. Be3 e4 20. Nxh5 gxh5 21.
Rac1 Qf6 22. Qxh5+ Kg8 23. f3 Ne6 24. fxe4 Qe7 25. Rf3 Nd4 26. Rg3 Qxe4 27.
Rxg7+ Kxg7 28. Bh6+ Kh8 29. Bxf8+ Qh7 30. Qxh7+ Kxh7 31. Bxc5 1-0

[Event "BL 8788 Lasker-Sindelfingen"]
[Site "?"]
[Date "1988.??.??"]
[Round "?.5"]
[White "Runau, R."]
[Black "Schacht, H."]
[Result "1/2-1/2"]
[WhiteElo "2335"]
[BlackElo "2310"]
[PlyCount "42"]
[EventDate "1988.??.??"]

1. d4 Nf6 2. Nf3 e6 3. c4 Bb4+ 4. Nbd2 b6 5. e3 Bb7 6. Bd3 O-O 7. O-O d5 8. a3
Bd6 9. b4 c5 10. bxc5 bxc5 11. dxc5 Bxc5 12. Nb3 Be7 13. Bb2 dxc4 14. Bxc4 Qxd1
15. Rfxd1 Nc6 16. Kf1 Rfd8 17. Ke2 Kf8 18. Rac1 Rxd1 19. Rxd1 Rd8 20. Rxd8+
Nxd8 21. Na5 Ba8 1/2-1/2

[Event "BL 8788 Lasker-Sindelfingen"]
[Site "?"]
[Date "1988.??.??"]
[Round "?.6"]
[White "Junge, R."]
[Black "Mohr, S."]
[Result "1-0"]
[WhiteElo "2315"]
[BlackElo "2325"]
[PlyCount "91"]
[EventDate "1988.??.??"]

1. e4 g6 2. d4 Bg7 3. Nc3 d6 4. Nf3 Nf6 5. Be2 O-O 6. O-O c6 7. a4 Qc7 8. h3
Nbd7 9. a5 e5 10. dxe5 dxe5 11. Be3 Rd8 12. Qc1 Nf8 13. Rd1 Rxd1+ 14. Qxd1 Nh5
15. Bc5 f6 16. Qd6 Qf7 17. a6 Nf4 18. Bf1 N8e6 19. axb7 Qxb7 20. Bc4 Kh8 21.
Qd2 Bd7 22. Ba6 Qc7 23. Be3 Bf8 24. Ne2 Rb8 25. Nxf4 exf4 26. Bd4 Nxd4 27. Qxd4
Bg7 28. b4 Be6 29. Bd3 Rb7 30. Qc5 Qb8 31. Qxc6 Bf7 32. b5 Rb6 33. Qc5 Bf8 34.
Qd4 Qc7 35. Qa4 Rb7 36. e5 fxe5 37. Be4 Rb8 38. Qxa7 Qxa7 39. Rxa7 Bc4 40. Nxe5
Bxb5 41. c4 Be8 42. Nd3 Rc8 43. c5 Bxc5 44. Nxc5 Rxc5 45. Ra8 Re5 46. Bc6 1-0

[Event "BL 8788 Lasker-Sindelfingen"]
[Site "?"]
[Date "1988.??.??"]
[Round "?.8"]
[White "Simon, R."]
[Black "Eppinger, G."]
[Result "0-1"]
[WhiteElo "2280"]
[BlackElo "2310"]
[PlyCount "162"]
[EventDate "1988.??.??"]

1. Nf3 d5 2. e3 Nc6 3. d4 Bg4 4. Be2 e6 5. O-O Nf6 6. c4 Be7 7. Nbd2 O-O 8. b3
a5 9. a3 Nd7 10. Bb2 f5 11. Qc2 Bf6 12. h3 Bxf3 13. Nxf3 g6 14. Rfc1 Nb6 15.
cxd5 Nxd5 16. Rd1 Qd6 17. Rac1 Bg7 18. Qd2 Rfd8 19. Qe1 Bh6 20. Nd2 Qe7 21. Nc4
Qh4 22. Bf3 a4 23. b4 Nce7 24. Ne5 c6 25. Rd2 Nf6 26. Nd3 Nd7 27. b5 cxb5 28.
Bxb7 Rab8 29. Bc6 Nxc6 30. Rxc6 Qe4 31. Rd6 f4 32. Rxd7 Rxd7 33. Nc5 Qc6 34.
Nxd7 Qxd7 35. exf4 Bxf4 36. Re2 Re8 37. g3 Bh6 38. Rc2 Bg7 39. Qb4 e5 40. Rd2
exd4 41. Bxd4 Re1+ 42. Kg2 Qd5+ 43. f3 Bxd4 44. Rxd4 Qa2+ 45. Rd2 Re2+ 46. Rxe2
Qxe2+ 47. Kg1 Qxf3 48. Qe1 Kf7 49. Kh2 Qxa3 50. Qf1+ Kg7 51. Qxb5 Qa2+ 52. Kg1
a3 53. Qe5+ Kf7 54. Qc7+ Ke6 55. Qxh7 Qb1+ 56. Kf2 Qc2+ 57. Ke3 Qc3+ 58. Ke2
Qxg3 59. Qg8+ Kd7 60. Qf7+ Kd6 61. Qf8+ Kd5 62. Qa8+ Kc4 63. Qa4+ Kc5 64. Qa5+
Kc6 65. Qa6+ Kc7 66. Qa7+ Kd8 67. Qd4+ Kc8 68. Qh8+ Kb7 69. Qg7+ Kc6 70. Qf6+
Kb5 71. Qe6 Kb4 72. Qb6+ Kc3 73. Qf6+ Kc2 74. Qc6+ Kb2 75. Qf6+ Qc3 76. Qb6+
Qb3 77. Qf6+ Kb1 78. Qf1+ Ka2 79. Kd2 Qb2+ 80. Ke3 Qe5+ 81. Kd2 Qd4+ 0-1

[Event "BL 8788 Heidelberg-Zähringen"]
[Site "?"]
[Date "1988.??.??"]
[Round "?.1"]
[White "Raupp, T."]
[Black "Ostl, A."]
[Result "1/2-1/2"]
[WhiteElo "2300"]
[BlackElo "2385"]
[PlyCount "41"]
[EventDate "1988.??.??"]

1. c4 Nf6 2. Nf3 c6 3. d4 d5 4. e3 e6 5. Bd3 Be7 6. O-O O-O 7. Nc3 b6 8. e4
dxe4 9. Nxe4 Nbd7 10. Qe2 Bb7 11. Rd1 Qc8 12. Bg5 c5 13. Bc2 Re8 14. dxc5 Nxe4
15. Bxe4 Bxe4 16. Qxe4 Nxc5 17. Qc2 f6 18. Be3 e5 19. b4 Ne6 20. Qb3 Kh8 21.
Rac1 1/2-1/2